Zahnärzteblatt Westfalen-Lippe
| Titel: | Zahnärzteblatt Westfalen-Lippe : ZBWL : Mitteilungen der zahnärztlichen Körperschaften / Herausgeber: Zahnärztekammer Westfalen-Lippe ; Kassenärztliche Vereinigung Westfalen-Lippe, KZVWL |
|---|---|
| Veröffentlicht: |
Paderborn : Bonifatius GmbH, 2000- Ibbenbüren : IVD, 2000-[?] |
| Erscheinungsverlauf: | Nachgewiesen Jg. 24.2000,1(Febr.); 25.2000,2(Apr.) - |
| Umfang: | Online-Ressource |
| Format: | Elektronische Zeitschrift |
| Sprache: | Deutsch |
| Andere Ausgaben: |
Erscheint auch als Druck-Ausgabe, 1976-2024: Zahnärzteblatt Westfalen-Lippe. - Paderborn : Bonifatius GmbH, 1976-. - 30 cm
|
| ISSN: | 0344-211X |
X
alg: 31222676 001A $06050:13-11-12 001B $06050:19-03-26 $t12:55:13.000 001D $06050:10-10-15 001U $0utf8 001X $00 002@ $0Obvc 002C $aText $btxt $2rdacontent 002D $aComputermedien $bc $2rdamedia 002E $aOnline-Ressource $bcr $2rdacarrier 003@ $0312226764 003O $01185463570 $aOCoLC 004U $0urn:nbn:de:hbz:6:2-28784 005P $00344-211X $Sp 006Z $02690617-X 007A $02690617-X $aZDB 009Q $uhttps://nbn-resolving.org/urn:nbn:de:hbz:6:2-28784 $xR 009Q $S0 $uhttps://www.zahnaerzte-wl.de/pages/zahnaerzteblatt-westfalen-lippe $xH; 45.2020- 009Q $uhttps://ezb.ur.de/?2690617-X $xF 010@ $ager 011@ $a2000 $n2000- 013D $RPresse $RFortlaufendes Sammelwerk $#Periodicals $#Yearbooks $#Périodiques $#Annuaires $#Publicaciones periódicas $#journals $#Periodical $#Periodicals as Topic $#Zeitschrift $#Zeitschrift $#Zeitschrift $#Periodikum $#Zeitschriften $74067488-5 $8Zeitschrift [Tsz] $9085189774 013H $0dm;ld 016A $aDg 018@ $0u 021A $aZahnärzteblatt Westfalen-Lippe $dZBWL : Mitteilungen der zahnärztlichen Körperschaften $hHerausgeber: Zahnärztekammer Westfalen-Lippe ; Kassenärztliche Vereinigung Westfalen-Lippe, KZVWL 031@ $aNachgewiesen Jg. 24.2000,1(Febr.); 25.2000,2(Apr.) - 031N $0 $025 $02000 $d24 $6 $j2000 033A $pPaderborn $nBonifatius GmbH 033A $pIbbenbüren $h2000-[?] $ze $nIVD 034D $aOnline-Ressource 037A $aGesehen am 27.01.25 037A $aFortsetzung der Druck-Ausgabe 037A $aFrühere Jahrgänge online nicht mehr verfügbar 039D $aErscheint auch als $8--Abvc--. Zahnärzteblatt Westfalen-Lippe. - Paderborn : Bonifatius GmbH, 1976-. - ISSN 0344-211X $9065635035 $nDruck-Ausgabe, 1976-2024 044K $qZDB $RZahnkrankheit $RStomatologie $#Dentistry $#Odontostomatologie $#Odontoiatria $#Odontología $#Dentistry $#Zahnmedizin $#Zahnmedizin $#Odontologie $#Zahn-, Mund- und Kieferheilkunde $#Zahn-Mund-Kieferheilkunde $#Zahnheilkunde $74079454-4 $8Zahnmedizin [Ts1] $9085225983 044K $qZDB $#Westfalen-Lippe $74065786-3 $8Westfalen-Lippe [Tg1] $908518487X 045U $e610 lok: 31222676 3 exp: 31222676 3 1 #EPN 201B/01 $024-01-25 $t23:36:53.519 201U/01 $0utf8 203@/01 $0656690941 208@/01 $a13-11-12 $bl 209S/01 $uhttps://ezb.ur.de/?2690617-X&bibid=UBFM $XF lok: 31222676 5 exp: 31222676 5 1 #EPN 201B/01 $024-01-25 $t23:36:53.523 201U/01 $0utf8 203@/01 $065669095X 208@/01 $a13-11-12 $bl 209S/01 $uhttps://ezb.ur.de/?2690617-X&bibid=FHF $XF lok: 31222676 8 exp: 31222676 8 1 #EPN 201B/01 $024-01-25 $t23:36:53.526 201U/01 $0utf8 203@/01 $0656690968 208@/01 $a13-11-12 $bl 209S/01 $uhttps://ezb.ur.de/?2690617-X&bibid=TUDA $XF lok: 31222676 10 exp: 31222676 10 1 #EPN 201B/01 $024-01-25 $t23:36:53.530 201U/01 $0utf8 203@/01 $0656690976 208@/01 $a13-11-12 $bl 209S/01 $uhttps://ezb.ur.de/?2690617-X&bibid=FHDA $XF lok: 31222676 11 exp: 31222676 11 1 #EPN 201B/01 $024-01-25 $t23:36:53.533 201U/01 $0utf8 203@/01 $0656690984 208@/01 $a13-11-12 $bl 209S/01 $uhttps://ezb.ur.de/?2690617-X&bibid=HLB $XF lok: 31222676 20 exp: 31222676 20 1 #EPN 201B/01 $024-01-25 $t23:36:53.536 201U/01 $0utf8 203@/01 $0656690992 208@/01 $a13-11-12 $bl 209S/01 $uhttps://ezb.ur.de/?2690617-X&bibid=FHGF $XF lok: 31222676 21 exp: 31222676 21 1 #EPN 201B/01 $024-01-25 $t23:36:53.539 201U/01 $0utf8 203@/01 $065669100X 208@/01 $a13-11-12 $bl 209S/01 $uhttps://ezb.ur.de/?2690617-X&bibid=FHFD $XF lok: 31222676 23 exp: 31222676 23 1 #EPN 201B/01 $024-01-25 $t23:36:53.542 201U/01 $0utf8 203@/01 $0656691018 208@/01 $a13-11-12 $bl 209S/01 $uhttps://ezb.ur.de/?2690617-X&bibid=UBKAS $XF lok: 31222676 24 exp: 31222676 24 1 #EPN 201B/01 $027-01-25 $t23:39:08.734 201U/01 $0utf8 203@/01 $0656691026 208@/01 $a13-11-12 $bl 209S/01 $S0 $uhttps://www.zahnaerzte-wl.de/pages/zahnaerzteblatt-westfalen-lippe $XH; 45.2020- lok: 31222676 25 exp: 31222676 25 1 #EPN 201B/01 $024-01-25 $t23:36:53.544 201U/01 $0utf8 203@/01 $0656691034 208@/01 $a13-11-12 $bl 209S/01 $uhttps://ezb.ur.de/?2690617-X&bibid=UBMZ $XF lok: 31222676 107 exp: 31222676 107 1 #EPN 201B/01 $024-01-25 $t23:36:53.551 201C/01 $028-02-20 201U/01 $0utf8 203@/01 $01084478048 208@/01 $a28-02-20 $bl 209S/01 $uhttps://ezb.ur.de/?2690617-X&bibid=MARTI $XF lok: 31222676 108 exp: 31222676 108 1 #EPN 201B/01 $024-01-25 $t23:36:53.555 201C/01 $028-02-20 201U/01 $0utf8 203@/01 $01084478056 208@/01 $a28-02-20 $bl 209S/01 $uhttps://ezb.ur.de/?2690617-X&bibid=THB $XF lok: 31222676 204 exp: 31222676 204 1 #EPN 201B/01 $024-01-25 $t23:36:53.565 201U/01 $0utf8 203@/01 $0656691077 208@/01 $a13-11-12 $bl 209S/01 $uhttps://ezb.ur.de/?2690617-X&bibid=UBGIE $XF lok: 31222676 205 exp: 31222676 205 1 #EPN 201B/01 $024-01-25 $t23:36:53.568 201U/01 $0utf8 203@/01 $0656691085 208@/01 $a13-11-12 $bl 209S/01 $uhttps://ezb.ur.de/?2690617-X&bibid=UBMA $XF
| LEADER | 00000cas a2200000 c 4500 | ||
|---|---|---|---|
| 001 | 312226764 | ||
| 003 | DE-603 | ||
| 005 | 20260319125513.0 | ||
| 007 | cr|||||||||||| | ||
| 008 | 121113c20009999xx u| p|o | 0 |1ger c | ||
| 016 | 7 | |2 DE-600 |a 2690617-X | |
| 024 | 7 | |a urn:nbn:de:hbz:6:2-28784 |2 urn | |
| 035 | |a (DE-599)ZDB2690617-X | ||
| 035 | |a (OCoLC)1185463570 | ||
| 040 | |a DE-603 |b ger |c DE-603 |d DE-603 | ||
| 041 | |a ger | ||
| 084 | |a 610 |q DE-600 |2 sdnb | ||
| 245 | 0 | 0 | |a Zahnärzteblatt Westfalen-Lippe |b ZBWL : Mitteilungen der zahnärztlichen Körperschaften |c Herausgeber: Zahnärztekammer Westfalen-Lippe ; Kassenärztliche Vereinigung Westfalen-Lippe, KZVWL |
| 264 | 1 | |a Ibbenbüren |b IVD |c 2000-[?] | |
| 264 | 3 | 1 | |a Paderborn |b Bonifatius GmbH |c 2000- |
| 300 | |a Online-Ressource | ||
| 336 | |a Text |b txt |2 rdacontent | ||
| 337 | |a Computermedien |b c |2 rdamedia | ||
| 338 | |a Online-Ressource |b cr |2 rdacarrier | ||
| 362 | 0 | |a Nachgewiesen Jg. 24.2000,1(Febr.); 25.2000,2(Apr.) - | |
| 363 | 0 | 0 | |8 1.1\x |a 24 |i 2000 |
| 363 | 0 | 1 | |8 2.1\x |a 25 |i 2000 |
| 500 | |a Gesehen am 27.01.25 | ||
| 500 | |a Fortsetzung der Druck-Ausgabe | ||
| 500 | |a Frühere Jahrgänge online nicht mehr verfügbar | ||
| 650 | 7 | |a Zahnmedizin |0 (DE-588)4079454-4 |0 (DE-603)085225983 |2 gnd | |
| 651 | 7 | |a Westfalen-Lippe |0 (DE-588)4065786-3 |0 (DE-603)08518487X |2 gnd | |
| 655 | 7 | |a Zeitschrift |2 gnd-content |0 (DE-588)4067488-5 |0 (DE-603)085189774 | |
| 776 | 0 | 8 | |i Erscheint auch als |n Druck-Ausgabe, 1976-2024 |t Zahnärzteblatt Westfalen-Lippe |d Paderborn : Bonifatius GmbH, 1976- |h 30 cm |x 0344-211X |w (DE-603)065635035 |w (DE-600)534008-1 |
| 776 | 1 | |x 0344-211X | |
| 856 | |u https://nbn-resolving.org/urn:nbn:de:hbz:6:2-28784 |x Resolving-System | ||
| 856 | |u https://www.zahnaerzte-wl.de/pages/zahnaerzteblatt-westfalen-lippe |x Verlag; 45.2020- |z kostenfrei | ||
| 856 | |u https://ezb.ur.de/?2690617-X |x EZB | ||
| 924 | 1 | |9 603 |a (DE-603)656690941 |b DE-603 |c HES |d d | |
| 924 | 1 | |9 603 |a (DE-603)65669095X |b DE-603 |c HES |d d | |
| 924 | 1 | |9 603 |a (DE-603)656690968 |b DE-603 |c HES |d d | |
| 924 | 1 | |9 603 |a (DE-603)656690976 |b DE-603 |c HES |d d | |
| 924 | 1 | |9 603 |a (DE-603)656690984 |b DE-603 |c HES |d d | |
| 924 | 1 | |9 603 |a (DE-603)656690992 |b DE-603 |c HES |d d | |
| 924 | 1 | |9 603 |a (DE-603)65669100X |b DE-603 |c HES |d d | |
| 924 | 1 | |9 603 |a (DE-603)656691018 |b DE-603 |c HES |d d | |
| 924 | 1 | |9 603 |a (DE-603)656691026 |b DE-603 |c HES |d d | |
| 924 | 1 | |9 603 |a (DE-603)656691034 |b DE-603 |c HES |d d | |
| 924 | 1 | |9 603 |a (DE-603)1084478048 |b DE-603 |c HES |d d | |
| 924 | 1 | |9 603 |a (DE-603)1084478056 |b DE-603 |c HES |d d | |
| 924 | 1 | |9 603 |a (DE-603)656691077 |b DE-603 |c HES |d d | |
| 924 | 1 | |9 603 |a (DE-603)656691085 |b DE-603 |c HES |d d | |


